Statystyki dla 6 Najmniejszych Państw w Europie

Kliknij tutaj aby rozwiązać quiz!

Ogólne statystyki

  • Ten quiz został rozwiązany 48 razy
  • Średni wynik to 5 z 6

Statystyki odpowiedzi

PaństwaOdpowiedzi% Poprawnych
4.san marino
98%
2.watykan
98%
3.monako
95%
5.Liechtenstein
93%
6.malta
86%
1.sealand
5%

Rozkład punktacji

Percentyl według liczby udzielonych odpowiedzi

Procent ludzi z każdym wynikiem

Twoja historia wyników

Nie rozwiązałeś tego quizu